Football : équipe de France Euro 2012 - Statistiques

Statistiques générales
  • Ce quiz a été pris 216 fois
  • Le résultat moyen est 17 sur 23
Statistiques - réponses
Club Poste Joueur % Correct
OL Gardien Lloris
99%
OM Gardien Mandanda
98%
Real Madrid Attaquant de pointe Benzema
95%
Bayern Munich Ailier Ribéry
94%
Montpellier Attaquant de pointe Giroud
90%
Manchester United Latéral gauche Evra
89%
Manchester City Milieu offensif Nasri
87%
Manchester City Latéral gauche Clichy
80%
Valencia Défenseur central Rami
80%
Arsenal Défenseur central Koscielny
77%
AC Milan Défenseur central Mexes
75%
Newcastle Milieu offensif Ben Arfa
74%
Chelsea Ailier Malouda
72%
Newcastle Milieu Cabaye
71%
Bordeaux Gardien Carrasso
71%
OM Milieu offensif Valbuena
70%
LOSC Latéral droit Debuchy
69%
PSG Milieu Matuidi
69%
PSG Attaquant de pointe Ménez
66%
Sochaux Milieu offensif Martin
61%
OM Milieu défensif Diarra
59%
OL Latéral droit Réveillère
53%
Stade Rennais Milieu défensif M'vila
36%
Aucun quiz correspondant
Distribution des résultats
% des personnes avec chaque résultat
Percentile par nombre de réponses
Votre historique - résultats
Vous n’avez pas pris ce quiz